| 000 | 00424nam a22001337a 4500 | ||
|---|---|---|---|
| 082 |
_a823 _bPAI/I |
||
| 100 | _aPAI, ANAND | ||
| 245 | _aINDRA AND VRITRA: THE DEMON WHO TERRORISED THE GODS | ||
| 246 |
_aINDRA AND VRITRA: THE DEMON WHO TERRORISED THE GODS _bINDRA AND VRITRA: THE DEMON WHO TERRORISED THE GODS |
||
| 260 |
_aMUMBAI _bAMARCHITHRA KATHA _c2022 |
||
| 300 | _a31 | ||
| 650 | _aENGLISH AMARCHITHRA KATHA | ||
| 942 | _cBK | ||
| 999 |
_c8621 _d8621 |
||